| 000 | 00831nam a2200253 a 4500 | ||
|---|---|---|---|
| 001 | 000006552 | ||
| 003 | OSt | ||
| 005 | 20201002124802.0 | ||
| 008 | 090901s2004 cu 000 f spa d | ||
| 020 | _a9591009747 | ||
| 040 |
_aDO-SdBNP _bspa _cBNPHU |
||
| 082 |
_aCu863.44 _bA681a |
||
| 100 | 1 |
_aArenal, Humberto, _d1926- _918197 |
|
| 245 | 1 | 0 |
_aAllegro de habaneras / _cHumberto Arenal ; edición y correción Ana María Muñoz Bachs. |
| 260 |
_aLa Habana, Cuba : _bLetras Cubanas, _c2004. |
||
| 300 |
_a237 p. ; _c19 cm. |
||
| 500 | _aIncluye datos biográficos del autor en la contracubierta. | ||
| 590 | _aInventariado, 2020 / DG | ||
| 650 | 4 |
_aNovela cubana _92316 |
|
| 650 | 4 |
_aLiteratura cubana _91483 |
|
| 700 | 1 |
_aMuñoz Bachs, Ana María, _eed. y corr. _92962 |
|
| 910 | _aInventyariado, 2020 / DG | ||
| 942 |
_2ddc _cLF1 |
||
| 999 |
_c6343 _d6343 |
||